The way the truth and the life (Record no. 127489)
[ view plain ]
| 000 -LEADER | |
|---|---|
| fixed length control field | 01190cjm a22002773a 4500 |
| 001 - CONTROL NUMBER | |
| control field | 17773046 |
| 003 - CONTROL NUMBER IDENTIFIER | |
| control field | ARRUPE |
| 005 - DATE AND TIME OF LATEST TRANSACTION | |
| control field | 20180125090827.0 |
| 007 - PHYSICAL DESCRIPTION FIXED FIELD--GENERAL INFORMATION | |
| fixed length control field | sd fsngnnmmned |
| 008 - FIXED-LENGTH DATA ELEMENTS--GENERAL INFORMATION | |
| fixed length control field | 130611s2010 meuppn| d | eng |
| 010 ## - LIBRARY OF CONGRESS CONTROL NUMBER | |
| LC control number | 2013617890 |
| 024 1# - OTHER STANDARD IDENTIFIER | |
| Standard number or code | 884501328975 |
| 040 ## - CATALOGING SOURCE | |
| Original cataloging agency | DLC |
| Transcribing agency | DLC |
| 050 00 - LIBRARY OF CONGRESS CALL NUMBER | |
| Classification number | BT198 |
| Item number | .W357 2017 |
| 300 ## - PHYSICAL DESCRIPTION | |
| Dimensions | 21cm. |
| 100 ## - MAIN ENTRY--PERSONAL NAME | |
| Personal name | Mkenda, Fetso |
| 9 (RLIN) | 38857 |
| 245 04 - TITLE STATEMENT | |
| Title | The way the truth and the life |
| Remainder of title | a confluence of Asia, Europe and Africa in Jesus of Nazareth / |
| Statement of responsibility, etc | Fetso Mkenda et al.... |
| 260 ## - PUBLICATION, DISTRIBUTION, ETC. (IMPRINT) | |
| Place of publication, distribution, etc | nairobi : |
| Name of publisher, distributor, etc | Jesuits Historical Institute in Africa, |
| Date of publication, distribution, etc | 2017 |
| 300 ## - PHYSICAL DESCRIPTION | |
| Extent | vi, 194p. ; |
| 600 ## - SUBJECT ADDED ENTRY--PERSONAL NAME | |
| Personal name | Jesus Christ |
| Form subdivision | Person |
| General subdivision | History and Doctrines |
| 9 (RLIN) | 38858 |
| 906 ## - LOCAL DATA ELEMENT F, LDF (RLIN) | |
| a | 7 |
| b | cbc |
| c | orignew |
| d | 3 |
| e | ncip |
| f | 20 |
| g | y-soundrec |
| 942 ## - ADDED ENTRY ELEMENTS (KOHA) | |
| Source of classification or shelving scheme | Library of Congress Classification |
| Koha item type | Monograph ( Printed materials) |
| Withdrawn status | Lost status | Source of classification or shelving scheme | Damaged status | Not for loan | Collection code | Home library | Current library | Shelving location | Date acquired | Total Checkouts | Full call number | Barcode | Date last seen | Date checked out | Price effective from | Koha item type |
|---|---|---|---|---|---|---|---|---|---|---|---|---|---|---|---|---|
| Library of Congress Classification | Main Collection | ARRUPE LIBRARY | ARRUPE LIBRARY | Main Collection | 25/01/2018 | 1 | BT198 .W357 2017 | 46600000915 | 27/11/2018 | 12/11/2018 | 25/01/2018 | Monograph ( Printed materials) |